The Chemical composition of rubber trees, in relation to problems of nutrition and manuring (Record no. 70503)

MARC details
000 -LEADER
fixed length control field 00403nam a2200133Ia 4500
100 ## - MAIN ENTRY--AUTHOR NAME
Personal name Page
245 #4 - TITLE STATEMENT
Title The Chemical composition of rubber trees, in relation to problems of nutrition and manuring
260 ## - PUBLICATION, DISTRIBUTION, ETC. (IMPRINT)
Name of publisher Journal of the Rubber Research Institute of Malaya
Year of publication 1939
300 ## - PHYSICAL DESCRIPTION
Number of Pages 14-16
650 ## - SUBJECT ADDED ENTRY--TOPICAL TERM
Topical Term Manuring
650 ## - SUBJECT ADDED ENTRY--TOPICAL TERM
Topical Term Rubber
942 ## - ADDED ENTRY ELEMENTS (KOHA)
Koha item type Journals
100 ## - MAIN ENTRY--AUTHOR NAME
-- J
Holdings
Withdrawn status Lost status Damaged status Not for loan Home library Current library Shelving location Date acquired Serial Enumeration / chronology Koha item type
      Journals RRII Library RRII Library Soils and agonomy 17/12/2021 Volume 9, Issue 1 Journals